Central Library, Doon University
WEBOPAC (ONLINE PUBLIC ACCESS CATALOGUE)

Environmental Sciences (Record no. 60071)

MARC details
000 -LEADER
fixed length control field 00608nam a22002177a 4500
005 - DATE & TIME
control field 20260122165237.0
008 - FIXED-LENGTH DATA ELEMENTS--GENERAL INFORMATION
fixed length control field 260122b |||||||| |||| 00| 0 eng d
020 ## - ISBN
International Standard Book Number 9788197982200
Price 995.00
040 ## - CATALOGING SOURCE
Original cataloging agency Doon University
041 ## - Language
Language English
082 ## - DDC NUMBER
Classification number 333.7
Book Number SEN
100 ## - MAIN ENTRY--PERSONAL NAME
Personal name Sengar, R.S.
245 ## - TITLE STATEMENT
Title Environmental Sciences
Sub Title : Questions Bank Previous Year Papers and Practice Sets
260 ## - PUBLICATION, DISTRIBUTION, ETC. (IMPRINT)
Place of publication, distribution, etc New Delhi
Name of publisher, distributor, etc CBS
Date of publication, distribution, etc 2026
300 ## - PHYSICAL DESCRIPTION
Pages 745
650 ## - Subject
Subject Environment Science
700 ## - Added Entry Personal Name
Added Entry Personal Name Amit, Kumar
700 ## - Added Entry Personal Name
Added Entry Personal Name Gupta, Shalini
700 ## - Added Entry Personal Name
Added Entry Personal Name Sharma, Garima
942 ## - ADDED ENTRY ELEMENTS (KOHA)
Koha item type Books
100 ## - MAIN ENTRY--PERSONAL NAME
-- 21074
650 ## - Subject
-- 310
700 ## - Added Entry Personal Name
-- 26025
700 ## - Added Entry Personal Name
-- 26026
700 ## - Added Entry Personal Name
-- 26027
952 ## - LOCATION AND ITEM INFORMATION (KOHA)
-- 2026-01-22
952 ## - LOCATION AND ITEM INFORMATION (KOHA)
-- 2026-05-08
-- 2026-01-22
952 ## - LOCATION AND ITEM INFORMATION (KOHA)
-- 2026-01-22
Holdings
Withdrawn status Lost status Source of classification or shelving scheme Damaged status Not for loan Location (home branch) Sublocation or collection (holding branch) Date acquired Koha issues (times borrowed) Koha full call number Accession No. Koha date last seen Koha item type
          Doon University Doon University 22.01.2026   333.7 SEN 51778 22.01.2026 Books
          Doon University Doon University 22.01.2026 1 333.7 SEN 51779 22.05.2026 Books
          Doon University Doon University 22.01.2026   333.7 SEN 51780 22.01.2026 Books
Contact : +91-135-2533126 (Library),+91-135-2533105 (Admin Office) , Email : doonlibrary@gmail.com

Powered by Koha